|
|
|
|
| LEADER |
00000cam a2200000 a 4500 |
| 001 |
vtls001181974 |
| 003 |
SK-MaSNL |
| 005 |
20260301104445.0 |
| 008 |
240226s1981 hu oa dr 000 0 slo |
| 015 |
|
|
|a SNBZSA1981
|
| 020 |
|
|
|a 9631754529
|q (brožované)
|
| 035 |
|
|
|a SNK000124984
|
| 035 |
|
|
|a E9D5FBAF-C210-4499-8667-9F2874AE9507
|
| 035 |
|
|
|a urn:nbn:sk:snk-am00ibg4
|
| 035 |
|
|
|a C4A2D406-5213-4891-AF3C-75013D6A45C4
|
| 035 |
|
|
|a urn:nbn:sk:snk-am00ihl9
|
| 040 |
|
|
|a SNK
|b slo
|c SNK
|e AACR2
|
| 041 |
1 |
|
|a slo
|h hun
|
| 044 |
|
|
|a hu
|c HU
|
| 072 |
|
7 |
|a 93/94
|x Dejiny (všeobecne)
|2 konspekt
|
| 080 |
|
|
|a 93/94
|2 2011
|
| 080 |
|
|
|a (075.3)
|2 2011
|
| 100 |
1 |
|
|a Gyapay, Gábor,
|d 1924-2009
|4 aut
|9 443227
|
| 240 |
1 |
0 |
|a Törtenelem a gimnázium 1. osztálya számára
|l Slovensky
|
| 245 |
1 |
0 |
|a Dejepis
|b pre 1. triedu gymnázia
|c Autori: Gábor Gyapay a Zsigmond Ritoók ; preložila Štefánia Kecskeméthyová
|
| 260 |
|
|
|a Budapešť
|b Vydavateľstvo učebníc
|c 1981
|
| 300 |
|
|
|a 268 strán
|b fotografie, ilustrácie
|c 24 cm
|e 1 voľná príloha
|
| 366 |
|
|
|e 400 výtl.
|
| 650 |
0 |
7 |
|a dejepis
|2 SNKPH
|9 4288
|
| 650 |
0 |
7 |
|a History (school subject)
|2 SNKPHeng
|9 286675
|
| 655 |
|
7 |
|a učebnice stredných škôl
|2 SNKPH
|9 69323
|
| 655 |
|
7 |
|a Textbooks (secondary)
|2 SNKPHeng
|9 276359
|
| 700 |
1 |
|
|a Ritoók, Zsigmond,
|d 1929-
|4 aut
|9 443228
|
| 700 |
1 |
|
|a Kecskeméthyová, Štefánia
|4 trl
|9 376447
|
| 852 |
|
|
|a Slovenská národná knižnica
|
| 919 |
|
|
|a 963-17-5452-9
|
| 954 |
|
|
|a odborná, vedecká literatúra cudzojazyčná (svetová)
|2 lita
|
| 958 |
|
|
|a OND
|
| 958 |
|
|
|a EUIPO
|
| 968 |
|
|
|a SLO
|b MAG
|
| 999 |
|
|
|c 698151
|d 700081
|
| 952 |
|
|
|a SNK
|b SNK
|y PREZ
|7 0
|p 17A1484028
|o snkSC 53711/príl.
|i snkV 2422/81
|8 2
|3 1 voľná príloha
|z 1 voľná príloha
|0 0
|1 0
|4 0
|d 2022-06-10
|f 1
|l 0
|r 2025-11-06 00:00:00
|w 2026-02-23
|
| 952 |
|
|
|a SNK
|b SNK
|y PREZ
|7 0
|p 17A0826658
|o snkSC 53711
|i snkV 2422/81
|8 2
|0 0
|1 0
|4 0
|d 2012-08-06
|f 1
|l 0
|r 2025-11-06 00:00:00
|w 2026-02-23
|
| 952 |
|
|
|t P60, <04>, [BOOK], {604}
|a SNK
|b SNK
|y VYP
|7 0
|p 17A0099215
|o snkSC 53711 D1
|0 0
|1 0
|4 0
|d 1997-09-29
|l 0
|r 2005-01-01 00:00:00
|w 2026-02-23
|